000 00245nam a2200097Ia 4500
001 945477
005 20250826215423.0
008 250824s9999 xx 000 0 und d
245 0 _aARKADAŞIM KİTAP
_cSEVDAKAR ÇELİK
260 _bAKVARYUM YAYINLARI
999 _c945477
_d945477